[Event "23rd Hogeschool Zeeland Open 2019"]
[Site "Vlissingen"]
[Date "2019.08.10"]
[Round "9.3"]
[White "Ortiz Suarez, Isan Reynaldo"]
[Black "Afek, Yochanan"]
[Result "1-0"]
[WhiteElo "2551"]
[BlackElo "2253"]
[Annotator "TA"]
[PlyCount "55"]
[EventDate "2019.08.03"]
[EventType "swiss"]
[EventCountry "NED"]
[SourceTitle "playchess.com"]
[Source "ChessBase"]
[SourceQuality "1"]

{[%evp 26,55,118,119,120,118,155,144,145,125,161,138,166,130,130,133,170,175,189,179,224,237,223,211,208,210,379,377,1166,1068,5821,5793]} 1. e4 c5 2. Nf3 d6 3. d4 cxd4 4. Nxd4 Nf6 5. Nc3 g6 6. Be3 Bg7 7. f3 O-O 8. Qd2 Nc6 9. Bc4 Bd7 10. h4 Qc7 11. Bb3 Ne5 12. h5 Nc4 13. Bxc4 Qxc4 {[#]} 14. O-O-O $1 b5 {B77: Sicilian Dragon: Yugoslav Attack, 9 Bc4 sidelines} (14... Rfc8 15. g4 b5 16. hxg6 fxg6 17. Qh2 Qf7 18. Kb1 Bh8 19. Nde2 b4 20. Nd5 Nxd5 21. exd5 a5 22. Bd4 {½-½ (39) Jakovenko,D (2708)-Jianu,V (2506) Dresden 2007}) 15. b3 Qc7 $146 ({Predecessor:} 15... Qb4 16. hxg6 fxg6 17. Ncxb5 Qxd2+ 18. Rxd2 h5 19. Nc7 Rab8 20. Nce6 Rfc8 21. Nxg7 Kxg7 22. Bg5 {½-½ (51) Dvirnyy,D (2459)-Jianu,V (2492) Baia Sprie 2010}) 16. hxg6 fxg6 {White is clearly better.} 17. Ncxb5 ({Resist} 17. Ndxb5 Qa5 $16) 17... Qb7 18. Nc3 Rfc8 19. g4 Qb4 20. Nde2 Be6 21. Bd4 Bf7 22. g5 e5 23. gxf6 exd4 24. fxg7 {Qh6 would kill now.} dxc3 25. Qxd6 Rc5 $2 (25... a5 {was necessary.}) 26. Kb1 $18 Rac8 $2 (26... Qb6 27. Qf4 g5) 27. Qf6 {Intending Rd7! and mate.} h5 {[#]} 28. Rd7 $1 {[%mdl 64] Double Attack. Accuracy: White = 85%, Black = 35%.} 1-0

[Event "23rd Hogeschool Zeeland Open 2019"]
[Site "Vlissingen"]
[Date "2019.08.10"]
[Round "9.4"]
[White "Klepke, Ricardo"]
[Black "Werle, Jan"]
[Result "1/2-1/2"]
[WhiteElo "2267"]
[BlackElo "2555"]
[Annotator "ChessBase"]
[PlyCount "107"]
[EventDate "2019.08.03"]
[EventType "swiss"]
[EventCountry "NED"]
[SourceTitle "playchess.com"]
[Source "ChessBase"]
[SourceQuality "1"]
[TimeControl "40/5400+30:1800+30"]

1. d4 {[%emt 0:00:00]} Nf6 {[%emt 0:00:00]} 2. c4 {[%emt 0:00:00]} e6 {[%emt 0:00:00]} 3. g3 {[%emt 0:00:00]} c5 {[%emt 0:00:24]} 4. d5 {[%emt 0:00:13]} exd5 {[%emt 0:00:16]} 5. cxd5 {[%emt 0:00:09]} d6 {[%emt 0:00:13]} 6. Bg2 {[%emt 0:00:11]} g6 {[%emt 0:02:01]} 7. Nf3 {[%emt 0:00:14]} Bg7 {[%emt 0:00:15]} 8. O-O {[%emt 0:00:10]} O-O {[%emt 0:00:38]} 9. Nfd2 {[%emt 0:00:12]} Re8 {[%emt 0:03:23]} 10. Nc3 {[%emt 0:00:32]} Nbd7 {[%emt 0:04:10]} 11. a4 {[%emt 0:03:29]} a6 {[%emt 0:10:08]} 12. a5 {[%emt 0:00:29]} b5 {[%emt 0:10:29]} 13. axb6 {[%emt 0:00:39]} Nxb6 {[%emt 0:00:05]} 14. e4 {[%emt 0:03:32]} c4 {[%emt 0:05:55]} 15. h3 {[%emt 0:14:04]} Nfd7 {[%emt 0:06:05]} 16. Na4 {[%emt 0:03:55]} Ne5 {[%emt 0:01:37]} 17. Nxb6 {[%emt 0:06:33]} Qxb6 {[%emt 0:00:08]} 18. Kh2 {[%emt 0:00:20]} Qb5 {[%emt 0:08:33]} 19. Qc2 {[%emt 0:06:17]} Bd7 {[%emt 0:13:23]} 20. f4 {[%emt 0:04:21]} Nd3 {[%emt 0:02:44]} 21. Nxc4 {[%emt 0:01:30]} Rac8 {[%emt 0:09:54]} 22. Qxd3 {[%emt 0:00:29]} Rxc4 {[%emt 0:00:04]} 23. Bd2 {[%emt 0:18:21]} Rcc8 {[%emt 0:09:18]} 24. Qxb5 {[%emt 0:16:48]} Bxb5 {[%emt 0:00:02]} 25. Rfe1 {[%emt 0:01:11]} Bxb2 {[%emt 0:00:47]} 26. Ra2 {[%emt 0:00:27]} Bd4 {[%emt 0:02:02]} 27. Bb4 {[%emt 0:00:40]} Bc5 {[%emt 0:01:06]} 28. Bxc5 {[%emt 0:00:41]} Rxc5 {[%emt 0:00:03]} 29. g4 {[%emt 0:02:21]} Rxd5 {[%emt 0:00:59]} 30. Rc1 {[%emt 0:01:55]} Rd4 {[%emt 0:01:00]} 31. Rc7 {[%emt 0:00:19]} Kf8 {[%emt 0:02:39]} 32. h4 {[%emt 0:00:58]} Re7 {[%emt 0:00:11]} 33. Rc8+ {[%emt 0:00:11]} Re8 {[%emt 0:00:21]} 34. Rc7 {[%emt 0:00:11]} Re7 {[%emt 0:00:05]} 35. Rc8+ {[%emt 0:00:10]} Kg7 {[%emt 0:00:07]} 36. g5 {[%emt 0:01:01]} h6 {[%emt 0:02:13]} 37. Kg3 {[%emt 0:00:50]} f5 {[%emt 0:04:10]} 38. exf5 {[%emt 0:01:13]} gxf5 {[%emt 0:00:05]} 39. Rac2 {[%emt 0:00:39]} hxg5 {[%emt 0:00:17]} 40. hxg5 {[%emt 0:01:00]} Rd3+ {[%emt 0:01:05]} 41. Kf2 {[%emt 0:32:16]} Rd4 {[%emt 0:31:48]} 42. Kg3 {[%emt 0:00:24]} a5 {[%emt 0:00:00]} 43. R2c7 {[%emt 0:00:00]} Rxc7 {[%emt 0:00:00]} 44. Rxc7+ {[%emt 0:00:00]} Kg6 {[%emt 0:00:00]} 45. Bc6 {[%emt 0:00:00]} Bxc6 {[%emt 0:00:00]} 46. Rxc6 {[%emt 0:00:00]} Kh5 {[%emt 0:00:00]} 47. Ra6 {[%emt 0:00:00]} a4 {[%emt 0:00:00]} 48. Kf3 {[%emt 0:00:00]} Rb4 {[%emt 0:00:00]} 49. Rxd6 {[%emt 0:00:00]} Rb3+ {[%emt 0:00:00]} 50. Kf2 {[%emt 0:00:00]} a3 {[%emt 0:00:00]} 51. Ra6 {[%emt 0:00:00]} Kg4 {[%emt 0:00:06]} 52. g6 {[%emt 0:00:00]} Rb2+ {[%emt 0:01:01]} 53. Ke3 {[%emt 0:00:00]} Rb3+ {[%emt 0:00:58]} 54. Kf2 {[%emt 0:00:00]} 1/2-1/2

[Event "23rd Hogeschool Zeeland Open 2019"]
[Site "Vlissingen"]
[Date "2019.08.10"]
[Round "9.5"]
[White "Ikonnikov, Vyacheslav"]
[Black "Elgersma, Onno"]
[Result "1-0"]
[WhiteElo "2499"]
[BlackElo "2232"]
[Annotator "ChessBase"]
[PlyCount "71"]
[EventDate "2019.08.03"]
[EventType "swiss"]
[EventCountry "NED"]
[SourceTitle "playchess.com"]
[Source "ChessBase"]
[SourceQuality "1"]
[TimeControl "40/5400+30:1800+30"]

1. d4 {[%emt 0:00:00]} Nf6 {[%emt 0:00:00]} 2. c4 {[%emt 0:00:00]} e6 {[%emt 0:00:00]} 3. Nc3 {[%emt 0:00:04]} Bb4 {[%emt 0:00:18]} 4. Bd2 {[%emt 0:00:09]} b6 {[%emt 0:07:23]} 5. e3 {[%emt 0:00:41]} Bb7 {[%emt 0:00:11]} 6. Nf3 {[%emt 0:00:12]} O-O {[%emt 0:00:34]} 7. Bd3 {[%emt 0:00:24]} d5 {[%emt 0:01:32]} 8. O-O {[%emt 0:05:21]} Bd6 {[%emt 0:04:57]} 9. cxd5 {[%emt 0:14:50]} exd5 {[%emt 0:00:21]} 10. Nb5 {[%emt 0:00:22]} Be7 {[%emt 0:00:56]} 11. Rc1 {[%emt 0:01:42]} c5 {[%emt 0:17:14]} 12. Ne5 {[%emt 0:04:31]} Nc6 {[%emt 0:08:28]} 13. Nxc6 {[%emt 0:10:15]} Bxc6 {[%emt 0:00:15]} 14. dxc5 {[%emt 0:00:08]} bxc5 {[%emt 0:00:57]} 15. Nd4 {[%emt 0:00:06]} cxd4 {[%emt 0:12:36]} 16. Rxc6 {[%emt 0:00:11]} Qd7 {[%emt 0:01:22]} 17. Qc2 {[%emt 0:00:38]} Rac8 {[%emt 0:06:40]} 18. Rc1 {[%emt 0:00:44]} Rxc6 {[%emt 0:03:19]} 19. Qxc6 {[%emt 0:00:09]} Qg4 {[%emt 0:02:06]} 20. h3 {[%emt 0:14:20]} Qh4 {[%emt 0:02:33]} 21. Qa4 {[%emt 0:02:04]} Ne4 {[%emt 0:07:43]} 22. Bxe4 {[%emt 0:00:27]} dxe4 {[%emt 0:02:13]} 23. exd4 {[%emt 0:00:42]} Bg5 {[%emt 0:03:57]} 24. Qa5 {[%emt 0:03:55]} Bxd2 {[%emt 0:03:21]} 25. Qxd2 {[%emt 0:00:07]} Qe7 {[%emt 0:00:51]} 26. d5 {[%emt 0:00:25]} Qd6 {[%emt 0:00:45]} 27. Rc6 {[%emt 0:04:29]} Qd7 {[%emt 0:00:06]} 28. Qd4 {[%emt 0:00:04]} f5 {[%emt 0:02:35]} 29. Qe5 {[%emt 0:01:42]} Rc8 {[%emt 0:02:22]} 30. Re6 {[%emt 0:01:59]} Qf7 {[%emt 0:01:54]} 31. d6 {[%emt 0:02:19]} Kf8 {[%emt 0:01:45]} 32. Re7 {[%emt 0:06:34]} Qg6 {[%emt 0:03:35]} 33. d7 {[%emt 0:03:58]} Rd8 {[%emt 0:00:10]} 34. Re6 {[%emt 0:00:06]} Qf7 {[%emt 0:01:27]} 35. Qd6+ {[%emt 0:00:08]} Kg8 {[%emt 0:00:13]} 36. Re7 {[%emt 0:00:09]} 1-0

[Event "23rd Hogeschool Zeeland Open 2019"]
[Site "Vlissingen"]
[Date "2019.08.10"]
[Round "9.6"]
[White "Hausrath, Daniel"]
[Black "Stillger, Bernhard"]
[Result "1/2-1/2"]
[WhiteElo "2468"]
[BlackElo "2199"]
[Annotator "TA"]
[PlyCount "57"]
[EventDate "2019.08.03"]
[EventType "swiss"]
[EventCountry "NED"]
[SourceTitle "playchess.com"]
[Source "ChessBase"]
[SourceQuality "1"]

{[%evp 9,57,-3,0,-5,0,-14,-4,-26,-3,-19,-25,-28,-14,-14,-14,-23,-11,-40,-18,-16,-14,-21,-14,-20,-18,-33,12,9,21,0,6,-7,-4,-4,0,-24,-24,-24,-24,-22,-6,-6,-8,-34,-27,-48,-14,-26,0,-44]} 1. g3 Nf6 2. Bg2 d5 3. d3 e6 4. Nf3 Be7 5. O-O O-O 6. a4 {A07: Réti Opening: New York and Capablanca Systems} (6. Bf4 b6 7. e4 dxe4 8. dxe4 Bb7 9. e5 Qxd1 10. Rxd1 Nfd7 11. Nc3 a6 12. h4 h6 13. a4 Rd8 {1-0 (68) Rapport,R (2726)-Harikrishna,P (2723) Shenzhen 2019}) 6... c5 7. Na3 Nc6 8. c3 b6 9. Bd2 Bb7 10. Rb1 Re8 $146 ({Predecessor:} 10... Rc8 11. b4 d4 12. b5 Nb8 13. Nc4 dxc3 14. Bxc3 {0-1 (45) Biava,P-Scarpellini,F Bergamo 1999}) 11. Re1 Nd7 12. h4 Rc8 13. Bg5 Nde5 (13... Bxg5 {seems wilder.} 14. Nxg5 Qe7 15. e4 d4 16. Nf3 e5) 14. Nxe5 Nxe5 15. Bxe7 Qxe7 16. Qd2 Red8 17. Qf4 Qf6 18. Qxf6 gxf6 19. Rec1 Bc6 20. d4 Nc4 21. Nxc4 dxc4 22. dxc5 Bxg2 23. Kxg2 Rxc5 $11 {[%mdl 4096] Endgame KRR-KRR} 24. Rd1 Rcd5 25. Rxd5 Rxd5 26. Kf1 f5 27. Ra1 Rd2 28. Rb1 Rd5 29. Ra1 {Accuracy: White = 48%, Black = 30%.} 1/2-1/2

[Event "23rd Hogeschool Zeeland Open 2019"]
[Site "Vlissingen"]
[Date "2019.08.10"]
[Round "9.7"]
[White "Wunnink, Michael"]
[Black "De Jong, Migchiel"]
[Result "1/2-1/2"]
[WhiteElo "2214"]
[BlackElo "2345"]
[Annotator "NA"]
[PlyCount "25"]
[EventDate "2019.08.03"]
[EventType "swiss"]
[EventCountry "NED"]
[SourceTitle "playchess.com"]
[Source "ChessBase"]
[SourceQuality "1"]
[TimeControl "40/5400+30:1800+30"]

1. d4 {[%emt 0:00:00]} e6 {[%emt 0:00:00]} 2. c4 {[%emt 0:00:00]} Bb4+ {[%emt 0:00:00]} 3. Bd2 {[%emt 0:00:24]} a5 {[%emt 0:00:18]} 4. g3 {[%emt 0:01:33]} Nf6 {[%emt 0:00:19]} 5. Bg2 {[%emt 0:00:58]} d5 {[%emt 0:00:16]} 6. Nf3 {[%emt 0:05:24]} dxc4 {[%emt 0:02:02]} 7. Qc2 {[%emt 0:00:40]} Bxd2+ {[%emt 0:01:52]} 8. Qxd2 {[%emt 0:03:44]} c6 {[%emt 0:04:31]} 9. a4 {[%emt 0:06:51]} Ne4 {[%emt 0:00:50]} 10. Qf4 {[%emt 0:05:34]} Nd6 {[%emt 0:01:43]} 11. Na3 {[%emt 0:00:39]} Na6 {[%emt 0:01:47]} 12. Ne5 {[%emt 0:02:32]} Nb4 {[%emt 0:15:46]} 13. O-O {[%emt 0:08:24]} 1/2-1/2

[Event "23rd Hogeschool Zeeland Open 2019"]
[Site "Vlissingen"]
[Date "2019.08.10"]
[Round "9.8"]
[White "Bezemer, Arno"]
[Black "Grochal, Joey"]
[Result "1/2-1/2"]
[WhiteElo "2245"]
[BlackElo "2313"]
[Annotator "NA"]
[PlyCount "52"]
[EventDate "2019.08.03"]
[EventType "swiss"]
[EventCountry "NED"]
[SourceTitle "playchess.com"]
[Source "ChessBase"]
[SourceQuality "1"]
[TimeControl "40/5400+30:1800+30"]

1. d4 {[%emt 0:00:30]} Nf6 {[%emt 0:00:00]} 2. c4 {[%emt 0:00:12]} e6 {[%emt 0:00:00]} 3. Nc3 {[%emt 0:00:06]} Bb4 {[%emt 0:00:00]} 4. e3 {[%emt 0:00:07]} O-O {[%emt 0:00:00]} 5. Bd3 {[%emt 0:00:07]} c5 {[%emt 0:00:20]} 6. Nf3 {[%emt 0:00:59]} d5 {[%emt 0:00:10]} 7. O-O {[%emt 0:00:11]} Nc6 {[%emt 0:00:27]} 8. a3 {[%emt 0:00:22]} Bxc3 {[%emt 0:00:07]} 9. bxc3 {[%emt 0:00:06]} dxc4 {[%emt 0:00:31]} 10. Bxc4 {[%emt 0:00:08]} Qc7 {[%emt 0:00:22]} 11. Ba2 {[%emt 0:01:06]} Rd8 {[%emt 0:02:32]} 12. Qe2 {[%emt 0:01:39]} h6 {[%emt 0:08:09]} 13. Bb2 {[%emt 0:05:12]} e5 {[%emt 0:01:54]} 14. h3 {[%emt 0:00:13]} Bf5 {[%emt 0:05:09]} 15. d5 {[%emt 0:08:11]} Ne7 {[%emt 0:08:46]} 16. c4 {[%emt 0:00:39]} Ng6 {[%emt 0:02:39]} 17. Nd2 {[%emt 0:03:22]} Ne4 {[%emt 0:04:40]} 18. Nxe4 {[%emt 0:04:10]} Bxe4 {[%emt 0:00:02]} 19. Rad1 {[%emt 0:08:25]} Qd6 {[%emt 0:12:51]} 20. Qh5 {[%emt 0:08:42]} Re8 {[%emt 0:01:48]} 21. f3 {[%emt 0:02:16]} Bc2 {[%emt 0:00:16]} 22. Rd2 {[%emt 0:00:09]} Ba4 {[%emt 0:00:46]} 23. f4 {[%emt 0:10:09]} exf4 {[%emt 0:03:38]} 24. exf4 {[%emt 0:00:46]} Nf8 {[%emt 0:01:58]} 25. Bb1 {[%emt 0:05:18]} f6 {[%emt 0:04:11]} 26. g4 {[%emt 0:04:31]} Re3 {[%emt 0:03:37]} 1/2-1/2

[Event "23rd Hogeschool Zeeland Open 2019"]
[Site "Vlissingen"]
[Date "2019.08.10"]
[Round "9.9"]
[White "Mesman, Edwyn"]
[Black "L'Ami, Erwin"]
[Result "0-1"]
[WhiteElo "2204"]
[BlackElo "2633"]
[Annotator "TA"]
[PlyCount "84"]
[EventDate "2019.08.03"]
[EventType "swiss"]
[EventCountry "NED"]
[SourceTitle "playchess.com"]
[Source "ChessBase"]
[SourceQuality "1"]

{[%evp 13,84,14,27,2,16,-2,-10,-15,-2,0,-2,-10,-12,-12,0,0,0,2,0,0,0,0,0,0,5,0,0,0,18,0,0,0,12,0,0,-10,-10,-12,-6,-20,-21,-37,-37,-43,-8,-55,-60,-57,-18,-44,0,-85,-74,-84,-66,-106,-79,-141,-146,-204,-195,-158,-50,-284,-275,-939,-927,-895,-875,-870,-862,-862,-832]} 1. d4 f5 2. c4 Nf6 3. Nf3 e6 4. g3 d5 5. Bg2 Bd6 6. O-O O-O 7. b3 b6 8. Ba3 {A90: Dutch Defence: Miscellaneous and Modern Stonewall (with ...Bd6)} Bb7 (8... Ne4 9. Bxd6 Qxd6 10. cxd5 exd5 11. e3 Ba6 12. Re1 Nd7 13. Qc1 c5 14. Qa3 Bb7 15. dxc5 bxc5 {0-1 (40) Melkumyan,H (2633)-Grischuk,A (2772) Riadh 2017}) 9. Qc1 Ne4 10. Nbd2 {The position is equal.} (10. Bb2 {with more complications.} Nd7 11. Nc3 c6 12. e3 Rc8 13. Qd1) 10... Nd7 11. Bxd6 cxd6 12. Qb2 Ndf6 13. Rac1 Rc8 $146 ({Predecessor:} 13... Qe7 14. Ne1 dxc4 15. Nxc4 Rac8 {½-½ (23) Flick,A (2331)-Kovacevic,B (2499) Pardubice 2017}) 14. cxd5 Bxd5 15. Nxe4 Bxe4 16. Rxc8 Qxc8 17. Qa3 Qd7 18. Rc1 Rd8 19. Nd2 Bxg2 20. Kxg2 h6 21. Qb4 Qb7+ 22. Kg1 Kf7 23. Qc4 Ke7 24. Nf3 Nd5 25. Ne1 b5 26. Qc2 Rd7 27. Nd3 Rc7 28. Qd2 Kd7 29. e3 g5 30. Qe2 g4 $40 {[%mdl 128] Black mounts an attack.} 31. Qd2 Nf6 32. Rc2 (32. Nf4 $11) 32... Ne4 $17 33. Rxc7+ Qxc7 34. Qc1 Qb7 35. Nf4 {[#]} (35. a3 $142) 35... Ng5 $1 36. d5 (36. Qc2 $17) 36... e5 $19 ({Weaker is} 36... exd5 37. Qb1 $16) 37. Nh5 {[#]} Ke7 ({Better is} 37... Ne4 $1 $17 38. Qc6+ Qxc6 39. dxc6+ Kxc6) 38. Ng7 $2 ({White should play} 38. Qc2 $15) 38... Qxd5 {( -> ...Nh3+)} 39. Nxf5+ $2 (39. h4 Nf3+ 40. Kf1) 39... Kf6 {aiming for ...Nh3+.Black is clearly winning.} 40. Qc2 Nh3+ 41. Kf1 Qh1+ {[%mdl 64] Double Attack} 42. Ke2 Qf3+ {[%mdl 64] Double Attack. Accuracy: White = 31%, Black = 49%.} 0-1

[Event "23rd Hogeschool Zeeland Open 2019"]
[Site "Vlissingen"]
[Date "2019.08.10"]
[Round "9.10"]
[White "Romanishin, Oleg M"]
[Black "Sparenberg, Erik"]
[Result "1-0"]
[WhiteElo "2443"]
[BlackElo "2146"]
[Annotator "NA"]
[PlyCount "63"]
[EventDate "2019.08.03"]
[EventType "swiss"]
[EventCountry "NED"]
[SourceTitle "playchess.com"]
[Source "ChessBase"]
[SourceQuality "1"]
[TimeControl "40/5400+30:1800+30"]

1. d4 {[%emt 0:00:00]} d5 {[%emt 0:00:00]} 2. Nf3 {[%emt 0:00:00]} Nf6 {[%emt 0:00:00]} 3. c4 {[%emt 0:00:00]} c6 {[%emt 0:00:00]} 4. e3 {[%emt 0:00:55]} e6 {[%emt 0:00:05]} 5. Bd3 {[%emt 0:00:10]} dxc4 {[%emt 0:00:07]} 6. Bxc4 {[%emt 0:00:09]} b5 {[%emt 0:00:37]} 7. Be2 {[%emt 0:01:57]} Nbd7 {[%emt 0:03:34]} 8. O-O {[%emt 0:05:31]} Be7 {[%emt 0:04:20]} 9. Nbd2 {[%emt 0:05:28]} Bb7 {[%emt 0:03:56]} 10. a4 {[%emt 0:07:52]} a6 {[%emt 0:02:23]} 11. Nb3 {[%emt 0:05:02]} O-O {[%emt 0:03:49]} 12. Bd2 {[%emt 0:00:45]} b4 {[%emt 0:01:59]} 13. a5 {[%emt 0:01:21]} Rc8 {[%emt 0:03:53]} 14. Qe1 {[%emt 0:03:09]} c5 {[%emt 0:07:09]} 15. dxc5 {[%emt 0:01:36]} Bd5 {[%emt 0:05:06]} 16. Nbd4 {[%emt 0:02:05]} Nxc5 {[%emt 0:03:35]} 17. Bxb4 {[%emt 0:00:46]} Nfe4 {[%emt 0:08:57]} 18. Rc1 {[%emt 0:11:59]} Bd6 {[%emt 0:08:53]} 19. Ba3 {[%emt 0:13:44]} Qf6 {[%emt 0:02:28]} 20. Bxc5 {[%emt 0:13:22]} Nxc5 {[%emt 0:07:32]} 21. b4 {[%emt 0:00:06]} Ne4 {[%emt 0:01:04]} 22. Rxc8 {[%emt 0:01:44]} Rxc8 {[%emt 0:00:54]} 23. Bxa6 {[%emt 0:00:37]} Rc3 {[%emt 0:13:23]} 24. Be2 {[%emt 0:03:34]} Bxb4 {[%emt 0:06:47]} 25. a6 {[%emt 0:01:06]} Bd6 {[%emt 0:04:25]} 26. Nb5 {[%emt 0:02:48]} Bb4 {[%emt 0:05:25]} 27. Nxc3 {[%emt 0:02:40]} Nxc3 {[%emt 0:00:10]} 28. Qd2 {[%emt 0:00:36]} Qh6 {[%emt 0:02:56]} 29. a7 {[%emt 0:01:43]} g6 {[%emt 0:00:28]} 30. Rc1 {[%emt 0:03:33]} Nxe2+ {[%emt 0:00:19]} 31. Qxe2 {[%emt 0:00:08]} Bd6 {[%emt 0:00:06]} 32. a8=Q+ {[%emt 0:01:28]} 1-0

[Event "23rd Hogeschool Zeeland Open 2019"]
[Site "Vlissingen"]
[Date "2019.08.10"]
[Round "9.11"]
[White "Grooten, Herman"]
[Black "Timmermans, Ivo"]
[Result "1-0"]
[WhiteElo "2310"]
[BlackElo "2168"]
[Annotator "NA"]
[PlyCount "43"]
[EventDate "2019.08.03"]
[EventType "swiss"]
[EventCountry "NED"]
[SourceTitle "playchess.com"]
[Source "ChessBase"]
[SourceQuality "1"]
[TimeControl "40/5400+30:1800+30"]

1. Nf3 {[%emt 0:00:00]} d5 {[%emt 0:01:32]} 2. g3 {[%emt 0:01:45]} Bg4 {[%emt 0:01:21]} 3. Bg2 {[%emt 0:00:23]} Nd7 {[%emt 0:00:21]} 4. O-O {[%emt 0:02:06]} c6 {[%emt 0:03:46]} 5. d3 {[%emt 0:00:59]} Ngf6 {[%emt 0:03:12]} 6. h3 {[%emt 0:01:52]} Bxf3 {[%emt 0:03:08]} 7. Bxf3 {[%emt 0:01:08]} e5 {[%emt 0:00:53]} 8. Nd2 {[%emt 0:01:17]} Bd6 {[%emt 0:02:16]} 9. e4 {[%emt 0:02:00]} dxe4 {[%emt 0:00:46]} 10. dxe4 {[%emt 0:00:13]} Qe7 {[%emt 0:06:02]} 11. a4 {[%emt 0:02:41]} Bc5 {[%emt 0:03:06]} 12. c3 {[%emt 0:04:24]} a5 {[%emt 0:01:17]} 13. Kg2 {[%emt 0:04:51]} Qe6 {[%emt 0:07:46]} 14. Be2 {[%emt 0:01:12]} O-O {[%emt 0:01:37]} 15. Bc4 {[%emt 0:00:52]} Qd6 {[%emt 0:02:36]} 16. Qe2 {[%emt 0:00:59]} Rad8 {[%emt 0:03:25]} 17. Nf3 {[%emt 0:04:32]} Nb6 {[%emt 0:11:42]} 18. Bb3 {[%emt 0:00:28]} g6 {[%emt 0:03:37]} 19. Bh6 {[%emt 0:01:47]} Rfe8 {[%emt 0:03:14]} 20. Ng5 {[%emt 0:01:11]} Re7 {[%emt 0:03:51]} 21. Rad1 {[%emt 0:00:35]} Qc7 {[%emt 0:00:11]} 22. Qf3 {[%emt 0:01:31]} 1-0

[Event "23rd Hogeschool Zeeland Open 2019"]
[Site "Vlissingen"]
[Date "2019.08.10"]
[Round "9.12"]
[White "Lacrosse, Marc"]
[Black "Nebolsina, Vera"]
[Result "1/2-1/2"]
[WhiteElo "2189"]
[BlackElo "2269"]
[Annotator "NA"]
[PlyCount "106"]
[EventDate "2019.08.03"]
[EventType "swiss"]
[EventCountry "NED"]
[SourceTitle "playchess.com"]
[Source "ChessBase"]
[SourceQuality "1"]
[TimeControl "40/5400+30:1800+30"]

1. d4 {[%emt 0:00:45]} Nf6 {[%emt 0:00:00]} 2. c4 {[%emt 0:00:34]} g6 {[%emt 0:00:15]} 3. Nc3 {[%emt 0:00:18]} Bg7 {[%emt 0:00:07]} 4. e4 {[%emt 0:00:20]} d6 {[%emt 0:00:11]} 5. Be2 {[%emt 0:00:29]} e5 {[%emt 0:07:05]} 6. dxe5 {[%emt 0:12:34]} dxe5 {[%emt 0:00:06]} 7. Qxd8+ {[%emt 0:00:08]} Kxd8 {[%emt 0:00:03]} 8. f4 {[%emt 0:02:58]} Be6 {[%emt 0:13:46]} 9. Nf3 {[%emt 0:05:23]} Nbd7 {[%emt 0:01:33]} 10. O-O {[%emt 0:10:35]} exf4 {[%emt 0:05:58]} 11. Bxf4 {[%emt 0:00:18]} h6 {[%emt 0:00:11]} 12. Rad1 {[%emt 0:03:51]} Kc8 {[%emt 0:10:40]} 13. Nd4 {[%emt 0:09:32]} a5 {[%emt 0:16:00]} 14. Ncb5 {[%emt 0:08:12]} Ne8 {[%emt 0:00:20]} 15. Nxe6 {[%emt 0:01:17]} fxe6 {[%emt 0:00:06]} 16. Bg4 {[%emt 0:08:21]} Ra6 {[%emt 0:00:58]} 17. Bxc7 {[%emt 0:09:07]} Nxc7 {[%emt 0:04:38]} 18. Nxc7 {[%emt 0:04:45]} Kxc7 {[%emt 0:00:08]} 19. Rf7 {[%emt 0:00:26]} Rd6 {[%emt 0:00:10]} 20. Rxg7 {[%emt 0:00:49]} Rxd1+ {[%emt 0:02:25]} 21. Bxd1 {[%emt 0:00:05]} Kd6 {[%emt 0:00:07]} 22. Rxg6 {[%emt 0:02:18]} Ne5 {[%emt 0:00:17]} 23. Rg7 {[%emt 0:00:44]} Rc8 {[%emt 0:00:18]} 24. Be2 {[%emt 0:01:39]} b5 {[%emt 0:00:50]} 25. b3 {[%emt 0:04:23]} bxc4 {[%emt 0:02:00]} 26. Bxc4 {[%emt 0:02:08]} Nxc4 {[%emt 0:02:36]} 27. bxc4 {[%emt 0:00:04]} Rxc4 {[%emt 0:00:11]} 28. Rh7 {[%emt 0:00:29]} Rxe4 {[%emt 0:03:11]} 29. Rxh6 {[%emt 0:00:50]} Ra4 {[%emt 0:00:06]} 30. h4 {[%emt 0:01:53]} Rxa2 {[%emt 0:00:09]} 31. Rh8 {[%emt 0:02:52]} Ke7 {[%emt 0:02:03]} 32. g4 {[%emt 0:01:30]} Kf7 {[%emt 0:07:14]} 33. g5 {[%emt 0:01:13]} Kg7 {[%emt 0:06:26]} 34. Rh6 {[%emt 0:00:26]} Re2 {[%emt 0:00:07]} 35. Rf6 {[%emt 0:03:34]} a4 {[%emt 0:00:14]} 36. Kf1 {[%emt 0:01:32]} Re5 {[%emt 0:00:09]} 37. Kg2 {[%emt 0:00:10]} a3 {[%emt 0:03:05]} 38. Rf1 {[%emt 0:01:17]} Re3 {[%emt 0:06:46]} 39. Ra1 {[%emt 0:01:04]} Kg6 {[%emt 0:00:19]} 40. Kh2 {[%emt 0:00:27]} Kh5 {[%emt 0:05:42]} 41. Kg2 {[%emt 0:07:02]} Rb3 {[%emt 0:06:34]} 42. Kf2 {[%emt 0:01:50]} e5 {[%emt 0:02:48]} 43. Re1 {[%emt 0:06:10]} a2 {[%emt 0:00:58]} 44. Ra1 {[%emt 0:00:12]} Ra3 {[%emt 0:00:07]} 45. Kg2 {[%emt 0:04:35]} e4 {[%emt 0:05:53]} 46. Kg1 {[%emt 0:02:32]} Kg6 {[%emt 0:03:17]} 47. Kg2 {[%emt 0:00:46]} Kf5 {[%emt 0:00:12]} 48. Kf2 {[%emt 0:02:02]} Kf4 {[%emt 0:05:52]} 49. g6 {[%emt 0:02:39]} Rg3 {[%emt 0:01:32]} 50. Kf1 {[%emt 0:01:29]} Rxg6 {[%emt 0:05:19]} 51. Rxa2 {[%emt 0:00:27]} e3 {[%emt 0:00:07]} 52. Ra8 {[%emt 0:00:42]} Rf6 {[%emt 0:00:11]} 53. Ke2 {[%emt 0:00:37]} Kg4 {[%emt 0:07:10]} 1/2-1/2